Statistiques concernant Top 10 des pays producteurs de bière

Cliquez ici pour prendre le quiz!

Statistiques générales

  • Ce quiz a été pris 229 fois
  • Le résultat moyen est 8 sur 10

Statistiques - réponses

million de kilolitresPays% Correct
22.43États-Unis
98%
9.4365Allemagne
94%
46.5438Chine
90%
8.912Russie
88%
4.1956Royaume-Uni
81%
5.5321Japon
78%
13.46Brésil
74%
8.25Mexique
73%
3.27Espagne
71%
3.956Pologne
58%

Distribution des résultats

Percentile par nombre de réponses

% des personnes avec chaque résultat

Votre développement - résultats

Vous n’avez pas pris ce quiz